000 004030000a22001330004500
090 _aAR
_b04136
245 1 0 _aObservations on height of perching in some tropical dung beetles (Scarabaeidae)
041 0 _aInglés
500 _a<Literatura de escarabajos coprófagos>
700 1 _aNealis, V. G.
_995077
100 1 _aHowden, H. F.
_995078
942 _cARTICULO
773 1 _tBiotropica
_h1
_q43-46
_d1978
_g10
999 _c13234
_d13234